000 01784cam a2200301 4500
001 ne 68000477
003 DLC
005 20260227111837.0
008 930414m19669999ua 000 0 ara
010 _ane 68000477
025 _aPL480:UAR-8884
035 _a(CStRLIN)DCLN93-B217
040 _aDLC
_cDLC
_dDLC-R
_dDLC
050 0 0 _aBP135
_b.A12 1966
066 _c(3
100 1 _6880-01
_aBukhārī, Muḥammad ibn Ismāʻīl,
_d810-870.
240 1 0 _6880-02
_aJāmiʻ al-ṣaḥīḥ
245 1 0 _6880-03
_aṢaḥīḥ al-Bukhārī /
_ctaʼlīf Abī ʻAbd Allāh Muḥammad ibn Ismāʻīl ibn Ibrāhīm ibn Bardizbah al-Juʻfī al-Bukhārī.
260 _6880-04
_aal-Qāhirah :
_bal-Jumhūrīyah al-ʻArabīyah al-Muttaḥidah, al-Majlis al-Aʻlá lil-Shuʼūn al-Islāmīyah, Lajnat Iḥyāʼ Kutub al-Sunnah,
_c1386-<1412 > [1966]-<1991 >
300 _av. <1-6, 8-9 > ;
_c24 cm.
650 0 _aHadith
_xTexts
_xEarly works to 1800.
710 1 _6880-05
_aUnited Arab Republic.
_bal-Majlis al-Aʻlá lil-Shuʼūn al-Islāmīyah.
_bLajnat Iḥyāʼ Kutub al-Sunnah.
880 1 _6100-01/(3/r
_aبخاري، محمد بن إسماعيل.
880 1 0 _6240-02/(3/r
_aجامع الصحيح
880 1 0 _6245-03/(3/r
_aصحيح البخاري /
_cتأليف أبي عبد الله محمد بن إسماعيل بن ابراهيم بن بردزبه الجعفي البخاري.
880 _6260-04/(3/r
_aالقاهرة :
_bالجمهورية العربية المتحدة، المجلس الأعلى للشئون الإسلامية، لجنة إحياء كتب السنة،
_c1386-<1412 > [1966]-<1991 >.
880 1 _6710-05/(3/r
_aجمهورية العربية المتحدة.
_bمجلس الأعلى للشئون الإسلامية.
_bلجنة إحياء كتب السنة.
999 _c50057
_d50057